| 000 | 00524nam a2200181Ia 4500 | ||
|---|---|---|---|
| 008 | 151202s9999||||xx |||||||||||||| ||und|| | ||
| 082 | _bPNVM-32119 | ||
| 100 | _aभावे पु.भा. | ||
| 245 | _aस्वप्न. | ||
| 260 | _bकॉन्टिनेंटल बुक सर्व्हीस. | ||
| 260 | _c0 | ||
| 300 | _a139 | ||
| 600 | _aभावे पु.भा. | ||
| 630 | _aस्वप्न. | ||
| 700 | _aभावे पु.भा. | ||
| 730 | _aस्वप्न. | ||
| 942 | _cBOOK | ||
| 999 |
_c1298080 _d1298077 |
||